[Event "corr"]
[Site "?"]
[Date "1983.??.??"]
[Round "?"]
[White "Oll, Lembit"]
[Black "Schott, Detlef"]
[Result "1-0"]
[WhiteElo "2560"]
[BlackElo "2560"]
[PlyCount "29"]
[EventDate "1983.??.??"]
[Source "Chess Mail Ltd"]
[SourceDate "2008.09.12"]

1. e4 e6 2. d4 d5 3. Nc3 Bb4 4. e5 c5 5. a3 Bxc3+ 6. bxc3 Qc7 7. Qg4 f6 8. Bb5+
Kf7 9. Nf3 cxd4 10. exf6 Nxf6 11. Ng5+ Ke7 12. Qxd4 Nbd7 13. a4 e5 14. Ba3+ Ke8
15. Qb4 1-0

[Event "Keres Memorial"]
[Site "Tallinn"]
[Date "1983.??.??"]
[Round "2"]
[White "Oll, Lembit"]
[Black "Psakhis, Lev"]
[Result "1/2-1/2"]
[WhiteElo "2365"]
[BlackElo "2580"]
[PlyCount "72"]
[EventDate "1983.02.??"]
[EventType "tourn"]
[EventRounds "15"]
[EventCountry "URS"]
[EventCategory "10"]
[Source "ChessBase"]
[SourceDate "1999.07.01"]

1. e4 c5 2. Nf3 e6 3. d4 cxd4 4. Nxd4 Nf6 5. Nc3 d6 6. f4 Nc6 7. Be3 e5 8. Nf3
Ng4 9. Qd2 g6 10. fxe5 dxe5 11. Qxd8+ Nxd8 12. Bd2 Bd6 13. Bb5+ Nc6 14. Rd1 Bc5
15. Nd5 O-O 16. h3 Nf2 17. b4 Nxh1 18. bxc5 Kg7 19. Bc3 f6 20. g4 h5 21. g5
fxg5 22. Nxe5 Nxe5 23. Bxe5+ Kh6 24. Ne7 Bxh3 25. Rd6 h4 26. Rxg6+ Kh5 27. Rg7
Bg2 28. Nf5 Ng3 29. Bxg3 Rxf5 30. exf5 hxg3 31. Be2+ Kh6 32. Rg6+ Kh7 33. Bc4
Re8+ 34. Kd2 Rd8+ 35. Kc3 Bd5 36. Bxd5 Rxd5 1/2-1/2

[Event "Keres Memorial"]
[Site "Tallinn"]
[Date "1983.??.??"]
[Round "3"]
[White "Ehlvest, Jaan"]
[Black "Oll, Lembit"]
[Result "1-0"]
[WhiteElo "2460"]
[BlackElo "2365"]
[PlyCount "77"]
[EventDate "1983.02.??"]
[EventType "tourn"]
[EventRounds "15"]
[EventCountry "URS"]
[EventCategory "10"]
[Source "ChessBase"]
[SourceDate "1999.07.01"]

1. d4 Nf6 2. c4 e6 3. Nf3 b6 4. g3 Bb7 5. Bg2 Be7 6. O-O O-O 7. Nc3 Ne4 8. Bd2
d6 9. d5 Nxd2 10. Nxd2 c6 11. Rc1 exd5 12. cxd5 c5 13. f4 Bf6 14. e3 Na6 15.
Nde4 Nc7 16. Nxf6+ Qxf6 17. a3 Rfe8 18. Re1 a6 19. Qc2 Nb5 20. Qb3 Nxc3 21.
bxc3 b5 22. e4 Rab8 23. Re3 Qd8 24. c4 Qf6 25. Rd1 Bc8 26. cxb5 Rxb5 27. Qa4
Bg4 28. e5 dxe5 29. fxe5 Qh6 30. Rde1 Bh3 31. Bxh3 Qxh3 32. Qxa6 Rb2 33. R3e2
Rb3 34. Qa4 Reb8 35. e6 fxe6 36. dxe6 Qh5 37. e7 Qe8 38. Qc4+ Kh8 39. Rf2 1-0

[Event "Keres Memorial"]
[Site "Tallinn"]
[Date "1983.??.??"]
[Round "4"]
[White "Schussler, Harry"]
[Black "Oll, Lembit"]
[Result "1/2-1/2"]
[WhiteElo "2485"]
[BlackElo "2365"]
[PlyCount "68"]
[EventDate "1983.02.??"]
[EventType "tourn"]
[EventRounds "15"]
[EventCountry "URS"]
[EventCategory "10"]
[Source "ChessBase"]
[SourceDate "1999.07.01"]

1. d4 Nf6 2. Nf3 e6 3. c4 b6 4. a3 Ba6 5. Qc2 Bb7 6. Nc3 c5 7. dxc5 Bxc5 8. Bf4
O-O 9. Rd1 Nc6 10. e3 Nh5 11. Bg5 f6 12. Bh4 g5 13. Bg3 f5 14. Be2 Nxg3 15.
hxg3 g4 16. Nd4 Qg5 17. Nb3 Ne5 18. Nxc5 bxc5 19. Bf1 Qe7 20. Ne2 Be4 21. Qc3
Qg7 22. Nf4 Rab8 23. Be2 Bc6 24. Rd2 Ng6 25. Qxg7+ Kxg7 26. Nd3 d6 27. O-O Be4
28. Nc1 Rfd8 29. f3 gxf3 30. gxf3 Bc6 31. Kf2 Kf6 32. Rfd1 Ba4 33. Rh1 Rb7 34.
Nd3 Rc8 1/2-1/2

[Event "Keres Memorial"]
[Site "Tallinn"]
[Date "1983.??.??"]
[Round "5"]
[White "Oll, Lembit"]
[Black "Vaganian, Rafael"]
[Result "1/2-1/2"]
[WhiteElo "2365"]
[BlackElo "2550"]
[PlyCount "87"]
[EventDate "1983.02.??"]
[EventType "tourn"]
[EventRounds "15"]
[EventCountry "URS"]
[EventCategory "10"]
[Source "ChessBase"]
[SourceDate "1999.07.01"]

1. e4 e6 2. d4 d5 3. Nc3 Bb4 4. Nge2 dxe4 5. a3 Bxc3+ 6. Nxc3 Nc6 7. d5 Nce7 8.
dxe6 Qxd1+ 9. Kxd1 Bxe6 10. Nxe4 O-O-O+ 11. Ke1 Bf5 12. Bd3 Nf6 13. f3 Nxe4 14.
fxe4 Bg6 15. Kf2 Nc6 16. Bf4 Rhe8 17. Rhe1 Ne5 18. Rad1 Re6 19. h3 h5 20. g3 f6
21. Re3 Rde8 22. Bxe5 Rxe5 23. Rde1 a5 24. c3 a4 25. Bc2 Ra5 26. Rd1 Rd8 27.
Rxd8+ Kxd8 28. Rd3+ Ke7 29. Rd4 Be8 30. Rb4 b6 31. h4 Re5 32. Ke3 g5 33. Rd4 c5
34. Rd2 Bg6 35. hxg5 fxg5 36. Rh2 Re6 37. Rf2 b5 38. Rh2 Bf7 39. Bd1 Rh6 40.
Be2 Be8 41. Bg4 h4 42. gxh4 Rxh4 43. Rg2 Bg6 44. Bf3 1/2-1/2

[Event "Keres Memorial"]
[Site "Tallinn"]
[Date "1983.??.??"]
[Round "6"]
[White "Szekely, Peter"]
[Black "Oll, Lembit"]
[Result "1/2-1/2"]
[WhiteElo "2435"]
[BlackElo "2365"]
[PlyCount "49"]
[EventDate "1983.02.??"]
[EventType "tourn"]
[EventRounds "15"]
[EventCountry "URS"]
[EventCategory "10"]
[Source "ChessBase"]
[SourceDate "1999.07.01"]

1. d4 Nf6 2. c4 g6 3. Nc3 Bg7 4. g3 O-O 5. Bg2 d6 6. Nf3 Nc6 7. O-O a6 8. d5
Na5 9. Nd2 c5 10. Qc2 Rb8 11. b3 b5 12. Bb2 Bh6 13. f4 bxc4 14. bxc4 e5 15.
dxe6 Bxe6 16. Nd5 Rxb2 17. Qxb2 Bg7 18. Qa3 Nxc4 19. Nxc4 Nxd5 20. Rac1 Nb4 21.
Kh1 d5 22. Ne5 Qd6 23. Qa5 c4 24. e4 dxe4 25. Nxc4 1/2-1/2

[Event "Keres Memorial"]
[Site "Tallinn"]
[Date "1983.??.??"]
[Round "7"]
[White "Oll, Lembit"]
[Black "Abramovic, Bosko"]
[Result "1-0"]
[WhiteElo "2365"]
[BlackElo "2475"]
[PlyCount "81"]
[EventDate "1983.02.??"]
[EventType "tourn"]
[EventRounds "15"]
[EventCountry "URS"]
[EventCategory "10"]
[Source "ChessBase"]
[SourceDate "1999.07.01"]

1. e4 c5 2. Nf3 e6 3. d4 cxd4 4. Nxd4 Nc6 5. Nc3 a6 6. Be2 Qc7 7. O-O Nf6 8.
Be3 Bb4 9. Na4 Be7 10. Nxc6 bxc6 11. Nb6 Rb8 12. Nxc8 Qxc8 13. e5 Nd5 14. Bc1
Bc5 15. c4 Ne7 16. b3 Qc7 17. Bb2 d6 18. Bh5 dxe5 19. Re1 Bd4 20. Bxd4 exd4 21.
Qxd4 O-O 22. Qe5 Qa7 23. Bf3 c5 24. Be4 Rbd8 25. Re3 Rd4 26. Rae1 Rfd8 27. Rh3
g6 28. Rhe3 Qb6 29. Qf6 Qd6 30. Rf3 Rf8 31. h4 h5 32. g3 a5 33. Kg2 Kh7 34. Bb1
Kg8 35. Re5 Rg4 36. Bd3 Rd4 37. Be4 Qc7 38. Rxe6 Rd7 39. Re5 Qd8 40. Rxc5 Qb8
41. Rxa5 1-0

[Event "Keres Memorial"]
[Site "Tallinn"]
[Date "1983.??.??"]
[Round "8"]
[White "Petrosian, Tigran V"]
[Black "Oll, Lembit"]
[Result "1/2-1/2"]
[WhiteElo "2605"]
[BlackElo "2365"]
[PlyCount "28"]
[EventDate "1983.02.??"]
[EventType "tourn"]
[EventRounds "15"]
[EventCountry "URS"]
[EventCategory "10"]
[Source "ChessBase"]
[SourceDate "1999.07.01"]

1. c4 Nf6 2. Nc3 c5 3. g3 g6 4. Bg2 Bg7 5. a3 O-O 6. d3 Nc6 7. Rb1 e6 8. Nf3 d5
9. cxd5 Nxd5 10. Bd2 b6 11. h4 Bb7 12. h5 Nxc3 13. Bxc3 Nd4 14. Bxd4 cxd4
1/2-1/2

[Event "Keres Memorial"]
[Site "Tallinn"]
[Date "1983.??.??"]
[Round "9"]
[White "Oll, Lembit"]
[Black "Karner, Hillar"]
[Result "1-0"]
[WhiteElo "2365"]
[BlackElo "2405"]
[PlyCount "64"]
[EventDate "1983.02.??"]
[EventType "tourn"]
[EventRounds "15"]
[EventCountry "URS"]
[EventCategory "10"]
[Source "ChessBase"]
[SourceDate "1999.07.01"]

1. e4 e5 2. Nf3 Nc6 3. Bb5 a6 4. Ba4 d6 5. O-O Bd7 6. c4 Nf6 7. Nc3 Be7 8. d4
exd4 9. Nxd4 Nxd4 10. Bxd7+ Nxd7 11. Qxd4 Bf6 12. Qe3 O-O 13. Nd5 Re8 14. Rd1
c6 15. Nxf6+ Nxf6 16. f3 b5 17. Qd4 d5 18. cxd5 cxd5 19. e5 Nd7 20. f4 Nb6 21.
b3 f6 22. Be3 Rb8 23. Rac1 fxe5 24. fxe5 Re6 25. Qg4 Rxe5 26. Bd4 Qg5 27. Qxg5
Rxg5 28. Rc7 Rg4 29. h3 Rg6 30. Re1 Na8 31. Ra7 Nb6 32. Ree7 Nc8 1-0

[Event "Keres Memorial"]
[Site "Tallinn"]
[Date "1983.??.??"]
[Round "10"]
[White "Arnason, Jon L"]
[Black "Oll, Lembit"]
[Result "1-0"]
[WhiteElo "2460"]
[BlackElo "2365"]
[PlyCount "71"]
[EventDate "1983.02.??"]
[EventType "tourn"]
[EventRounds "15"]
[EventCountry "URS"]
[EventCategory "10"]
[Source "ChessBase"]
[SourceDate "1999.07.01"]

1. e4 c5 2. Nf3 d6 3. d4 cxd4 4. Nxd4 Nf6 5. Nc3 Nc6 6. Bg5 Bd7 7. Be2 Qa5 8.
Bxf6 gxf6 9. f4 e6 10. Nb3 Qb6 11. Qd3 h5 12. O-O-O O-O-O 13. Kb1 Kb8 14. Rhf1
Be7 15. Qh3 h4 16. Bg4 Rdg8 17. f5 Ne5 18. fxe6 Rxg4 19. exd7 Rhg8 20. Nd5 Qd8
21. Ne3 Rxe4 22. Nf5 Re2 23. Nbd4 Rexg2 24. Ng3 Rxh2 25. Qxh2 hxg3 26. Qh3 f5
27. Qxf5 Rg5 28. Qh3 Nc4 29. Rg1 Qb6 30. Nb3 Ne3 31. Rde1 Nf5 32. Rgf1 g2 33.
Rg1 Qd8 34. Rxg2 Rxg2 35. Qxg2 Qxd7 36. Qh3 1-0

[Event "Keres Memorial"]
[Site "Tallinn"]
[Date "1983.??.??"]
[Round "11"]
[White "Oll, Lembit"]
[Black "Nei, Ivo"]
[Result "1-0"]
[WhiteElo "2365"]
[BlackElo "2495"]
[PlyCount "79"]
[EventDate "1983.02.??"]
[EventType "tourn"]
[EventRounds "15"]
[EventCountry "URS"]
[EventCategory "10"]
[Source "ChessBase"]
[SourceDate "1999.07.01"]

1. e4 e5 2. Nf3 Nc6 3. Bb5 a6 4. Ba4 Nf6 5. O-O Be7 6. Re1 b5 7. Bb3 d6 8. a4
Bg4 9. c3 Rb8 10. axb5 axb5 11. d4 Bxf3 12. gxf3 Qd7 13. f4 Qh3 14. Re3 Qh4 15.
Rg3 O-O 16. fxe5 Nxe4 17. Bd5 Nd8 18. Rg4 Nxf2 19. Rxh4 Nxd1 20. Re4 b4 21. Ra7
bxc3 22. Rxc7 cxb2 23. Bd2 Rb5 24. Bc4 Rb7 25. exd6 Bxd6 26. Rxb7 Nxb7 27. Re1
Nf2 28. Kxf2 Bxh2 29. Bd5 Nd6 30. Kg2 Nb5 31. Kxh2 Nxd4 32. Bc3 Nf5 33. Bxb2 h5
34. Be4 Re8 35. Ba3 g6 36. Nc3 Nd4 37. Rb1 Ne2 38. Nd5 Rd8 39. Rb7 h4 40. Bxg6
1-0

[Event "Keres Memorial"]
[Site "Tallinn"]
[Date "1983.??.??"]
[Round "12"]
[White "Jansa, Vlastimil"]
[Black "Oll, Lembit"]
[Result "0-1"]
[WhiteElo "2440"]
[BlackElo "2365"]
[PlyCount "74"]
[EventDate "1983.02.??"]
[EventType "tourn"]
[EventRounds "15"]
[EventCountry "URS"]
[EventCategory "10"]
[Source "ChessBase"]
[SourceDate "1999.07.01"]

1. e4 c6 2. d4 d5 3. Nd2 dxe4 4. Nxe4 Nd7 5. Bc4 Ngf6 6. Ng5 e6 7. Qe2 Nb6 8.
Bb3 h6 9. N5f3 c5 10. Be3 Qc7 11. Ne5 a6 12. Ngf3 Nbd5 13. O-O Bd6 14. Rad1 O-O
15. Bc1 b5 16. dxc5 Bxc5 17. c3 Bb7 18. Nd4 Rad8 19. Rd3 Bd6 20. f4 Rfe8 21.
Rg3 b4 22. Ba4 Rf8 23. Bd2 bxc3 24. bxc3 Nb6 25. Bb3 Ne4 26. Nxf7 Rxf7 27. Rg6
Bc5 28. Bxe6 Kh7 29. Bxf7 Qxf7 30. f5 Qc4 31. Qxc4 Nxc4 32. Be1 Ne5 33. Re6 Nd3
34. Bh4 Rd7 35. Rd1 Nb2 36. Rb1 Nxc3 37. Rxb2 Rxd4 0-1

[Event "Keres Memorial"]
[Site "Tallinn"]
[Date "1983.??.??"]
[Round "13"]
[White "Oll, Lembit"]
[Black "Veingold, Aleksandr"]
[Result "1/2-1/2"]
[WhiteElo "2365"]
[BlackElo "2430"]
[PlyCount "30"]
[EventDate "1983.02.??"]
[EventType "tourn"]
[EventRounds "15"]
[EventCountry "URS"]
[EventCategory "10"]
[Source "ChessBase"]
[SourceDate "1999.07.01"]

1. e4 e5 2. Nf3 Nc6 3. Bb5 a6 4. Ba4 Nf6 5. O-O Be7 6. Re1 b5 7. Bb3 d6 8. a4
Bb7 9. d3 O-O 10. Nc3 b4 11. Nd5 Nxd5 12. Bxd5 Rb8 13. Bd2 Qd7 14. c3 bxc3 15.
Bxc3 Bf6 1/2-1/2

[Event "Keres Memorial"]
[Site "Tallinn"]
[Date "1983.??.??"]
[Round "14"]
[White "Tal, Mihail"]
[Black "Oll, Lembit"]
[Result "1-0"]
[WhiteElo "2620"]
[BlackElo "2365"]
[PlyCount "79"]
[EventDate "1983.02.??"]
[EventType "tourn"]
[EventRounds "15"]
[EventCountry "URS"]
[EventCategory "10"]
[Source "ChessBase"]
[SourceDate "1999.07.01"]

1. e4 c5 2. Nf3 d6 3. d4 cxd4 4. Nxd4 Nf6 5. Nc3 Nc6 6. Bg5 Bd7 7. Qd2 Rc8 8.
Nb3 a6 9. Be2 e6 10. O-O h6 11. Bxf6 Qxf6 12. a4 Qd8 13. a5 Be7 14. Na4 Qc7 15.
Nb6 Rd8 16. c4 O-O 17. Rac1 Nb8 18. Nd4 Bc6 19. Bg4 Bf6 20. b4 Bxe4 21. Rfe1
Bxd4 22. Qxd4 Bg6 23. f4 Nc6 24. Qd2 Rfe8 25. Bf3 e5 26. Bd1 Nd4 27. Qf2 Re6
28. Ba4 Kh7 29. Rcd1 Bh5 30. Rd2 Rg6 31. Rxd4 exd4 32. Bc2 d5 33. c5 f5 34.
Bxf5 Rf8 35. Nxd5 Qd8 36. Bxg6+ Bxg6 37. Qxd4 Bf7 38. Re5 Qh4 39. Re7 Rg8 40.
Nf6+ 1-0

[Event "Keres Memorial"]
[Site "Tallinn"]
[Date "1983.??.??"]
[Round "15"]
[White "Oll, Lembit"]
[Black "Boensch, Uwe"]
[Result "1/2-1/2"]
[WhiteElo "2365"]
[BlackElo "2450"]
[PlyCount "59"]
[EventDate "1983.02.??"]
[EventType "tourn"]
[EventRounds "15"]
[EventCountry "URS"]
[EventCategory "10"]
[Source "ChessBase"]
[SourceDate "1999.07.01"]

1. e4 c5 2. Nf3 d6 3. d4 cxd4 4. Nxd4 Nf6 5. Nc3 e6 6. f4 Be7 7. Be3 O-O 8. Qf3
e5 9. Nf5 Bxf5 10. exf5 Qa5 11. O-O-O e4 12. Qe2 Rc8 13. Qb5 Qc7 14. Rg1 Ng4
15. Bd4 Bf6 16. Bxf6 Nxf6 17. g4 d5 18. g5 d4 19. gxf6 dxc3 20. Rxg7+ Kh8 21.
Kb1 Rd8 22. Qe2 Rxd1+ 23. Qxd1 Qb6 24. Bb5 Qxf6 25. Rxf7 Qxf7 26. Qd4+ Qg7 27.
Qd8+ Qg8 28. Qd4+ Qg7 29. Qd8+ Qg8 30. Qd4+ 1/2-1/2

[Event "Yaroslavl U20"]
[Site "Yaroslavl"]
[Date "1983.04.??"]
[Round "?"]
[White "Oll, Lembit"]
[Black "Epishin, Vladimir"]
[Result "0-1"]
[WhiteElo "2365"]
[BlackElo "2250"]
[PlyCount "74"]
[EventDate "1983.04.??"]
[EventType "tourn"]
[EventRounds "13"]
[EventCountry "URS"]
[Source "ChessBase"]
[SourceDate "2005.11.24"]

1. e4 e6 2. d4 d5 3. Nc3 Bb4 4. Nge2 dxe4 5. a3 Bxc3+ 6. Nxc3 Nc6 7. Bb5 Nge7
8. Bg5 f6 9. Be3 O-O 10. Qd2 f5 11. O-O-O a6 12. Bxc6 Nxc6 13. Bg5 Qd7 14. f3
exf3 15. gxf3 e5 16. d5 Nd4 17. Qf2 f4 18. Rxd4 exd4 19. Qxd4 Qh3 20. Re1 Bf5
21. Bxf4 Qh4 22. Qd2 Rf7 23. Be5 Re8 24. f4 Bg6 25. Re3 Rxe5 26. Rxe5 Rxf4 27.
b3 h6 28. Kb2 Kh7 29. Re2 Qf6 30. Qe1 Rf3 31. Re3 Rf1 32. Qd2 Qf4 33. Ne2 Qxh2
34. Qc3 Rf7 35. Re6 Qg2 36. Re5 Qf3 37. Re3 Qxd5 0-1

[Event "Goglidze Memorial"]
[Site "Tbilisi"]
[Date "1983.??.??"]
[Round "?"]
[White "Gavrikov, Viktor"]
[Black "Oll, Lembit"]
[Result "0-1"]
[WhiteElo "2485"]
[BlackElo "2445"]
[Annotator "Belov"]
[PlyCount "50"]
[EventDate "1983.08.??"]
[EventType "tourn"]
[EventRounds "15"]
[EventCountry "URS"]
[EventCategory "8"]
[Source "ChessBase"]
[SourceDate "1999.07.01"]

1. d4 Nf6 2. Nf3 e6 3. g3 c5 4. Bg2 cxd4 (4... d5 $5) 5. Nxd4 d5 6. O-O Be7 7.
c4 O-O 8. cxd5 exd5 (8... Nxd5 9. e4 Nb4 10. Nc3 N8c6 11. Nxc6 Nxc6 12. Be3 $14
) 9. Nc3 Nc6 10. b3 (10. Nb3 $5 Be6 11. Be3 Rc8 12. Nb5 a6 13. N5d4 Ne5 14.
Nxe6 fxe6 15. Bh3 Qd7 16. Nd4 Neg4 17. Bg5 $16 {
Garcia Martinez,S-Cappello,R/Reggio/1977/}) 10... Bg4 (10... Bc5 $5 11. Nxc6
bxc6 12. Qc2 Bb6 13. Na4 Bd7 14. Nc5 Re8 15. Re1 Bg4 16. Bb2 Qe7 $10 {
Vaganian,R-Vooremaa,A/Tallinn/1979/}) 11. h3 Bd7 (11... Be6 12. Bb2 Qd7 13. Kh2
Rfd8 14. Rc1 $16 {Byrne,R-Mecking,E/San Antonio/1972/}) 12. Bb2 Rc8 13. e3 Bc5
14. Nde2 (14. Nce2 $142 $16) 14... Bf5 15. Nf4 $6 (15. Nxd5 Nxd5 16. Qxd5 Qxd5
17. Bxd5 Bxh3 $10) (15. Na4 $5 Be7 16. Nd4 Be4 17. Rc1 $10) 15... d4 $8 16. Na4
(16. exd4 Bxd4 $10) 16... Bd6 $1 17. Bxd4 Bxf4 18. gxf4 (18. Bxf6 Qxf6 19. gxf4
(19. exf4 $2 Rfe8 $17) 19... Rfd8 20. Qf3 Rd2 $44) 18... Nxd4 19. Qxd4 $6 (19.
exd4 b6 20. Re1 Qd6 21. Qd2 $13) 19... Qxd4 20. exd4 b6 $1 $15 21. Rac1 Nh5 22.
Rfd1 Nxf4 23. Kh2 $8 Rfd8 24. Rc4 $1 (24. Rxc8 $142 Rxc8 25. Rd2 $15) 24...
Rxc4 25. bxc4 Bc2 0-1

[Event "Goglidze Memorial"]
[Site "Tbilisi"]
[Date "1983.??.??"]
[Round "?"]
[White "Murshed, Niaz"]
[Black "Oll, Lembit"]
[Result "1/2-1/2"]
[WhiteElo "2405"]
[BlackElo "2445"]
[PlyCount "27"]
[EventDate "1983.08.??"]
[EventType "tourn"]
[EventRounds "15"]
[EventCountry "URS"]
[EventCategory "8"]
[Source "ChessBase"]
[SourceDate "1999.07.01"]

1. c4 Nf6 2. Nc3 g6 3. e4 d6 4. d4 Bg7 5. Be2 O-O 6. Bg5 c5 7. dxc5 Qa5 8. Bd2
Qxc5 9. h3 b6 10. Nf3 Bb7 11. Bd3 Nbd7 12. O-O Rad8 13. b4 Qxb4 14. Na4 1/2-1/2

[Event "Goglidze Memorial"]
[Site "Tbilisi"]
[Date "1983.??.??"]
[Round "?"]
[White "Oll, Lembit"]
[Black "Gufeld, Eduard"]
[Result "0-1"]
[WhiteElo "2445"]
[BlackElo "2480"]
[Annotator "Belov"]
[PlyCount "62"]
[EventDate "1983.08.??"]
[EventType "tourn"]
[EventRounds "15"]
[EventCountry "URS"]
[EventCategory "8"]
[Source "ChessBase"]
[SourceDate "1999.07.01"]

1. e4 c5 2. Nf3 e6 3. d4 cxd4 4. Nxd4 Nf6 5. Nc3 g6 6. Be3 Bg7 7. f3 Nc6 8. Qd2
O-O 9. O-O-O d5 10. exd5 Nxd5 11. Nxc6 bxc6 12. Bd4 e5 13. Bc5 Be6 14. Ne4 Rb8
(14... Re8 $5) 15. c4 (15. g4 f5 16. gxf5 gxf5 17. Ng5 e4 18. c3 Qa5 19. Nxe6
Qxa2 $36) (15. h4 f5 16. Ng5 e4 17. Bd4 e3 18. Qd3 Qd7 $13 {
Zagrebelny,S-Khalifman,A/Sochi/1984/}) (15. Bc4 $5 Re8 16. h4 a5 17. Bb3 h6 18.
g4 Ra8 19. a4 Qc7 20. g5 h5 21. Qf2 Red8 $13 {Popovic,P-Sax,G/Jug(izt)/1987/})
15... Re8 (15... Nb6 $6 16. Bxf8 Qxf8 17. Qd6 Qc8 18. Kb1 $14) 16. g4 (16. cxd5
cxd5 17. Qc3 f5 18. Nd6 e4 19. Rd4 Re7 20. Nb5 Reb7 $13 {
Serper,G-Nesterov,J/Jurmala/1982/}) (16. h4 $5 Nb6 17. Bd6 Ra8 18. Qc3 Nd7 19.
c5 $16) 16... Nb6 17. Qc2 $6 (17. Qxd8 Rexd8 18. Rxd8+ Rxd8 19. b3 $14 {
Oll,L-Yurtaev,L/Tallinn/1983/}) (17. Bd6 $5 Ra8 18. Qc3 $14) 17... Nd7 $1 18.
h4 $6 Qa5 19. Ba3 Nf6 $1 $17 20. g5 (20. Nc5 $6 Bf8 21. Qf2 e4 $17) (20. Nxf6+
Bxf6 21. Bd3 Be7 22. Bxe7 Rxe7 23. Kb1 Reb7 $17) (20. Nd6 Red8 21. Be2 Bf8 $15)
20... Nxe4 21. fxe4 Bf8 $1 22. Bxf8 Rxf8 23. Kb1 Rfd8 24. Bd3 $6 (24. Rxd8+
$142 Rxd8 25. Bd3) 24... Rd4 25. Qe2 $6 (25. Rc1 $5) 25... Qb4 $19 26. b3 (26.
Rc1 Rxd3) 26... a5 27. Kb2 a4 28. Qe1 Qd6 29. Bc2 Bxc4 30. Qc3 axb3 31. axb3
Bxb3 $1 (31... Bxb3 32. Bxb3 Rxd1 33. Rxd1 Qxd1) 0-1

[Event "Goglidze Memorial"]
[Site "Tbilisi"]
[Date "1983.??.??"]
[Round "?"]
[White "Oll, Lembit"]
[Black "Gurgenidze, Bukhuti"]
[Result "1/2-1/2"]
[WhiteElo "2445"]
[BlackElo "2470"]
[PlyCount "29"]
[EventDate "1983.08.??"]
[EventType "tourn"]
[EventRounds "15"]
[EventCountry "URS"]
[EventCategory "8"]
[Source "ChessBase"]
[SourceDate "1999.07.01"]

1. d4 d5 2. c4 dxc4 3. Nf3 a6 4. e3 Bg4 5. Bxc4 e6 6. h3 Bh5 7. Nc3 Nd7 8. O-O
Bd6 9. e4 Ne7 10. e5 Bb4 11. g4 Bg6 12. Bg5 h6 13. Bh4 Nb6 14. Bb3 h5 15. Qe2
1/2-1/2

[Event "Goglidze Memorial"]
[Site "Tbilisi"]
[Date "1983.??.??"]
[Round "?"]
[White "Oll, Lembit"]
[Black "Karner, Hillar"]
[Result "1/2-1/2"]
[WhiteElo "2445"]
[BlackElo "2415"]
[PlyCount "63"]
[EventDate "1983.08.??"]
[EventType "tourn"]
[EventRounds "15"]
[EventCountry "URS"]
[EventCategory "8"]
[Source "ChessBase"]
[SourceDate "1999.07.01"]

1. e4 e5 2. Nf3 Nc6 3. Bb5 a6 4. Ba4 d6 5. O-O Bd7 6. c3 Nf6 7. Re1 Be7 8. d3
O-O 9. Nbd2 Re8 10. Nf1 Bf8 11. Ne3 g6 12. a3 Bg7 13. b4 h6 14. h3 Kh7 15. Kh2
a5 16. Bb2 Nh5 17. Bb3 Rf8 18. d4 exd4 19. Nxd4 Nf4 20. Nd5 Nxd4 21. cxd4 Ne6
22. Qd2 c6 23. Ne3 Ng5 24. Bc2 d5 25. e5 Ne4 26. Bxe4 dxe4 27. bxa5 Be6 28. Bc3
f5 29. exf6 Qxf6 30. Rab1 Rf7 31. Re2 Qh4 32. d5 1/2-1/2

[Event "Goglidze Memorial"]
[Site "Tbilisi"]
[Date "1983.??.??"]
[Round "?"]
[White "Oll, Lembit"]
[Black "Nogueiras Santiago, Jesus"]
[Result "1/2-1/2"]
[WhiteElo "2445"]
[BlackElo "2485"]
[PlyCount "91"]
[EventDate "1983.08.??"]
[EventType "tourn"]
[EventRounds "15"]
[EventCountry "URS"]
[EventCategory "8"]
[Source "ChessBase"]
[SourceDate "1999.07.01"]

1. e4 c5 2. Nf3 Nc6 3. d4 cxd4 4. Nxd4 Nf6 5. Nc3 e6 6. Nxc6 bxc6 7. e5 Nd5 8.
Ne4 Qc7 9. f4 Qb6 10. c4 Bb4+ 11. Ke2 f5 12. Nf2 Ba6 13. Kf3 Ne7 14. Be3 Bc5
15. Bxc5 Qxc5 16. Qd6 Qb6 17. b3 c5 18. Rd1 Rd8 19. Ke3 Bb7 20. Be2 Kf7 21. Nd3
Rc8 22. Qxb6 axb6 23. Ne1 Rc7 24. Bf3 Bxf3 25. Nxf3 h6 26. a4 Rg8 27. h4 g6 28.
Rd3 Nc6 29. Rd6 Ke7 30. Rg1 Rb7 31. g4 Kf7 32. g5 h5 33. Kd3 Ke7 34. Kc3 Ra8
35. Rgd1 Nb4 36. Ne1 Nc6 37. Nc2 Raa7 38. R1d2 Nd8 39. Na3 Nc6 40. Nb5 Ra8 41.
Rd1 Rh8 42. R6d2 Ra8 43. Nd6 Rba7 44. Nb5 Rb7 45. Rd3 Rab8 46. Kb2 1/2-1/2

[Event "Goglidze Memorial"]
[Site "Tbilisi"]
[Date "1983.??.??"]
[Round "?"]
[White "Oll, Lembit"]
[Black "Sturua, Zurab"]
[Result "1-0"]
[WhiteElo "2445"]
[BlackElo "2450"]
[PlyCount "115"]
[EventDate "1983.08.??"]
[EventType "tourn"]
[EventRounds "15"]
[EventCountry "URS"]
[EventCategory "8"]
[Source "ChessBase"]
[SourceDate "1999.07.01"]

1. e4 e5 2. Nf3 Nc6 3. d4 exd4 4. Nxd4 Bc5 5. Nb3 Bb4+ 6. Bd2 a5 7. a3 Bxd2+ 8.
Qxd2 Nge7 9. Nc3 d6 10. Be2 O-O 11. O-O Be6 12. Rad1 f5 13. f4 Kh8 14. Nd4 Nxd4
15. Qxd4 Nc6 16. Qd2 Qf6 17. Bf3 Bc4 18. Rfe1 fxe4 19. Rxe4 Bg8 20. b3 Rad8 21.
Nd5 Bxd5 22. Qxd5 Qb2 23. Rc4 Qxa3 24. Be4 h6 25. Qh5 d5 26. Bxd5 Qd6 27. Bf3
Qe7 28. Bxc6 Qe3+ 29. Kh1 bxc6 30. h3 Rd6 31. Rf1 Rd4 32. Rxd4 Qxd4 33. Qxa5
Rxf4 34. Rxf4 Qxf4 35. Qa8+ Kh7 36. Qxc6 Qc1+ 37. Kh2 Qf4+ 38. Kh1 Qc1+ 39. Kh2
Qf4+ 40. Kg1 Qc1+ 41. Kf2 Qd2+ 42. Kf3 Qd8 43. Ke3 h5 44. b4 Qd1 45. Qe4+ Kh6
46. Qf4+ Kg6 47. Qe4+ Kg5 48. h4+ Kh6 49. Qf4+ Kg6 50. Qxc7 Qe1+ 51. Kd3 Qf1+
52. Kc3 Qxg2 53. Qd6+ Kf7 54. Qd7+ Kg6 55. b5 Qf2 56. Qd3+ Kf7 57. Qd5+ Ke7 58.
Qe5+ 1-0

[Event "URS-ch FL51"]
[Site "Tallinn"]
[Date "1983.??.??"]
[Round "?"]
[White "Guseinov, Aidyn"]
[Black "Oll, Lembit"]
[Result "1-0"]
[WhiteElo "2200"]
[BlackElo "2445"]
[PlyCount "80"]
[EventDate "1983.12.??"]
[EventType "tourn"]
[EventRounds "17"]
[EventCountry "URS"]
[EventCategory "9"]
[Source "ChessBase"]
[SourceDate "1999.07.01"]

1. d4 Nf6 2. c4 g6 3. Nc3 Bg7 4. e4 d6 5. Nf3 O-O 6. Be2 e5 7. Be3 Nc6 8. d5
Ne7 9. Nd2 c5 10. O-O Nd7 11. Qb1 f5 12. f3 f4 13. Bf2 g5 14. b4 b6 15. a4 Nf6
16. a5 Bd7 17. Nb5 Bxb5 18. cxb5 Rb8 19. axb6 axb6 20. Nc4 cxb4 21. Qxb4 Nc8
22. Nd2 Rf7 23. Ra3 Nd7 24. Rfa1 Nc5 25. Bf1 Rc7 26. Qb1 Qd7 27. Nc4 Bf8 28.
R1a2 Ra7 29. Bxc5 bxc5 30. b6 Rxa3 31. Rxa3 Be7 32. Rb3 Rb7 33. Na5 c4 34. Bxc4
Rxb6 35. Rxb6 Qa7 36. Nc6 Qxb6+ 37. Qxb6 Nxb6 38. Nxe7+ Kf7 39. Nf5 Nxc4 40.
Kf2 Ke8 1-0